000 004700000a22001570004500
090 _aAR
_b00420
245 1 0 _aElevational gradient of species richness: an uniform pattern?
650 1 4 _aRiqueza de especies
_93326
650 1 4 _aDistribución altitudinal
_94375
650 1 4 _aDinámica poblacional
_9608
650 1 4 _aBiogeografía
_992747
041 0 _aInglés
100 1 _aRahbek, Carsten
_993160
942 _cARTICULO
773 1 _tEcolography
_3168
_h2
_q200-205
_d1995
_g18
999 _c9516
_d9516